LEADER 01150nam--2200373---450- 001 990002301290203316 005 20090108125341.0 035 $a000230129 035 $aUSA01000230129 035 $a(ALEPH)000230129USA01 035 $a000230129 100 $a20041223h----1980km-y0itay0103----ba 101 0 $aeng 102 $aUS 105 $a||||||||001yy 200 1 $a<> management of innovative technological corporations$fSimon Ramo 210 $aNew York$cJ. Wiley & sons$hcopyr. 1980 215 $aX, 476 p.$d22 cm 225 2 $a<> Wiley-Interscience publication 410 0$12001$a<> Wiley-Interscience publication 454 1$12001 461 1$1001-------$12001 606 0 $aAziende$xOrganizzazione del lavoro 676 $a658.04 700 1$aRAMO,$bSimon$02577 801 0$aIT$bsalbc$gISBD 912 $a990002301290203316 951 $a658.04 RAM 1 (IRA 4 49)$b5448 E.C.$cIRA$d00010463 959 $aBK 969 $aECO 979 $aSIAV5$b10$c20041223$lUSA01$h1402 979 $aRSIAV2$b90$c20090108$lUSA01$h1253 996 $aManagement of innovative technological corporations$91068235 997 $aUNISA LEADER 01563nam1-22004211n-450- 001 990001236660203316 005 20100630084850.0 010 $a88-02-04471-6 035 $a000123666 035 $aUSA01000123666 035 $a(ALEPH)000123666USA01 035 $a000123666 100 $a20031104-1991----m||y0itay0103----ba 101 0 $aita 102 $aIT 105 $ay|||z|||001yy 200 1 $a<> riforma della legge sugli stupefacenti$eD.P.R. 9 ottobre 1990, n.309$eprofili penali, processuali e penitenziari$fGiangiulio Ambrosini 210 $aTorino$cUTET$d1991 215 $aVII, 231 p.$d25 cm.$e1 v. (40 p.) 225 2 $a<> diritto attuale$v12 300 $aTit. del v.: Commento alla sentenza 11 luglio 1991, n.333 della Corte costituzionale 410 0$12001$a<> diritto attuale$v12 606 0 $aDroghe$xLegislazione 606 0 $aStupefacenti$xLegislazione 606 0 $aTossicomania$xPrevenzione$xLegislazione 676 $a345.4504463 700 1$aAMBROSINI,$bGiangiulio$0140407 801 0$aIT$bsalbc$gISBD 912 $a990001236660203316 951 $aXXX.A. Coll. 152/ 9 1 (COLL HMN 12)$b37102 G.$cXXX.A. Coll. 152/ 9 1 (COLL HMN)$d00087110 951 $aXXX.A. Coll. 152/ 9 2 (COLL HMN 12 APP.)$b37102 G.$cXXX.A. Coll. 152/ 9 2 (COLL HMN)$d00087115 959 $aBK 969 $aGIU 979 $aRENATO$b90$c20031104$lUSA01$h1029 979 $aPATRY$b90$c20040406$lUSA01$h1728 979 $aRSIAV2$b90$c20100630$lUSA01$h0848 996 $aRiforma della legge sugli stupefacenti$9987511 997 $aUNISA LEADER 01275nam2-2200397---450 001 990001731860203316 005 20210226082253.0 035 $a000173186 035 $aUSA01000173186 035 $a(ALEPH)000173186USA01 035 $a000173186 100 $a20040607d1965----km-y0itay0103----ba 101 $aita 102 $aIT 105 $a||||||||001yy 200 1 $a<<3.>> : Dal Rousseau al Wolf$fHermann Leser 210 $aFirenze$cLa Nuova Italia$d1965 215 $a595 p.$d22 cm 225 2 $aEducatori antichi e moderni$v195 300 $aTraduzione di Ervino Pocar 410 0$1001000288868$1001$aEducatori antichi e moderni$v195 461 1$1001000173172$12001$a<> problema pedagogico 606 0 $aPedagogia$zSec. 15.-16.$xStoria$2BNCF 676 $a370.1 700 1$aLESER,$bHermann$0161984 702 1$aPOCAR,$bErvino 801 0$aIT$bsalbc$gISBD 912 $a990001731860203316 951 $aII.4. Coll.2/ 89/3( VI soc coll. 10/195 III)$b73487 L.M. 951 $aII.4. Coll.2/ 89/3a (VI soc coll. 10/195 III bis)$b243 L.M.$cII.4.$d00300882 959 $aBK 969 $aUMA 979 $aSIAV4$b10$c20040607$lUSA01$h1425 979 $aCOPAT1$b90$c20050524$lUSA01$h1801 996 $aDal Rousseau al Wolf$9568937 997 $aUNISA